Statistics for Taylor Swift Songs in Alphabetical Order

Click here to take the quiz!

General Stats

  • This quiz has been taken 1,795 times
    (203 since last reset)
  • The average score is 80 of 271

Answer Stats

Album / HintSong% Correct
Red (Taylor's Version)22
81%
Red (Taylor's Version)All Too Well
77%
Taylor Swift (Deluxe)A Perfectly Good Heart
75%
Taylor SwiftA Place In This World
73%
LoverAfterglow
71%
1989 (Taylor's Version)All You Had To Do Was Stay
71%
MidnightsAnti-Hero
70%
folkloreaugust
68%
Speak Now (Taylor's Version)Back to December
62%
Red (Taylor's Version)Babe
61%
1989 (Taylor's Version)Bad Blood
59%
MidnightsBejeweled
59%
Speak Now (Taylor's Version)Better Than Revenge
59%
Midnights (3am Edition)Bigger Than The Whole Sky
58%
folklorebetty
57%
1989 (Taylor's Version)Blank Space
56%
folklorecardigan
54%
Red (Taylor's Version)Begin Again
53%
Midnights (3am Edition)Dear Reader
53%
1989 (Taylor's Version)Clean
52%
LoverCornelia Street
52%
Fearless (Taylor's Version)Fearless
52%
Red (Taylor's Version)Better Man
51%
THE TORTURED POETS DEPARTMENTBut Daddy I Love Him
51%
evermoreclosure
51%
evermoreconey island (feat. The National)
51%
reputationDancing With Our Hands Tied
51%
LoverDaylight
51%
evermoredorothea
51%
reputationEnd Game (feat Ed Sheeran & Future)
51%
evermoreevermore (feat. Bon Iver)
51%
reputationCall It What You Want
49%
Fearless (Taylor's Version)Change
49%
Taylor SwiftCold As You
49%
Speak Now (Taylor's Version)Dear John
49%
LoverDeath By A Thousand Cuts
49%
reputationDelicate
49%
folkloreepiphany
49%
evermorecowboy like me
48%
reputationDress
48%
Speak Now (Taylor's Version)Enchanted
48%
Fearless (Taylor's Version)Fifteen
48%
Red (Taylor's Version)Come Back... Be Here
47%
folkloreexile (feat. Bon Iver)
47%
singleAll Of The Girls You Loved Before
46%
Fearless (Taylor's Version)Come In With the Rain
46%
reputationDon't Blame Me
46%
Red (Taylor's Version)Everything Has Changed (feat. Ed Sheeran)
46%
Fearless (Taylor's Version)Breathe (feat. Colbie Caillat)
44%
THE TORTURED POETS DEPARTMENT: THE ANTHOLOGYCassandra
44%
evermorechampagne problems
44%
Fearless (Taylor's Version)Don't You
43%
LoverFalse God
43%
THE TORTURED POETS DEPARTMENTClara Bow
42%
LoverCruel Summer
42%
THE TORTURED POETS DEPARTMENTDown Bad
42%
Speak Now (Taylor's Version)Castles Crumbling (feat. Hayley Williams)
41%
reputationGetaway Car
41%
Midnights (3am Edition)Glitch
41%
Midnights (Til Dawn)Hits Different
41%
Fearless (Taylor's Version)Bye Bye Baby
39%
THE TORTURED POETS DEPARTMENT: THE ANTHOLOGYChloe or Sam or Sophia or Marcus
39%
reputationGorgeous
39%
singleChristmas Tree Farm
38%
The Taylor Swift Holiday CollectionChristmases When You Were Mine
37%
Speak Now (Taylor's Version)Electric Touch (feat. Fall Out Boy)
37%
THE TORTURED POETS DEPARTMENTFresh Out The Slammer
37%
Speak Now (Taylor's Version)Haunted
37%
1989 (Taylor's Version)How You Get the Girl
37%
reputationI Did Something Bad
37%
LoverI Forgot That You Existed
37%
MidnightsKarma
37%
MidnightsLavender Haze
37%
LoverLover
37%
singleCarolina
35%
evermoregold rush
35%
folklorehoax
35%
MidnightsLabyrinth
35%
Speak Now (Taylor's Version)Long Live
35%
The Taylor Swift Holiday CollectionChristmas Must Be Something More
34%
Midnights (3am Edition)High Infidelity
34%
THE TORTURED POETS DEPARTMENTI Can Fix Him (No Really I Can)
34%
Taylor Swift (Deluxe)Invisible
34%
folkloreinvisible string
34%
1989 (Taylor's Version)I Wish You Would
34%
Speak Now (Taylor's Version)Last Kiss
34%
THE TORTURED POETS DEPARTMENTI Can Do It With A Broken Heart
33%
evermoreivy
33%
reputationKing Of My Heart
33%
The Taylor Swift Holiday CollectionLast Christmas
33%
MidnightsMastermind
33%
Collab/FeatureBirch (with Big Red Machine)
32%
Fearless (Taylor's Version)Forever & Always
32%
Red (Taylor's Version)Forever Winter
32%
Red (Taylor's Version)Girl At Home
32%
THE TORTURED POETS DEPARTMENTGuilty as Sin?
32%
Red (Taylor's Version)I Bet You Think About Me (feat. Chris Stapleton)
32%
Speak Now (Taylor's Version)I Can See You
32%
1989 (Taylor's Version)I Know Places
32%
Speak Now (Taylor's Version)Innocent
32%
1989 (Taylor's Version)Is It Over Now?
32%
Fearless (Taylor's Version)Jump Then Fall
32%
MidnightsMaroon
32%
Taylor SwiftMary's Song (Oh My My My)
32%
MidnightsMidnight Rain
32%
Speak Now (Taylor's Version)Mine
32%
evermorehappiness
30%
Red (Taylor's Version)Holy Ground
30%
Red (Taylor's Version)I Almost Do
30%
folkloreillicit affairs
30%
Taylor Swift (Deluxe)I'm Only Me When I'm With You
30%
LoverI Think He Knows
30%
evermoreit's time to go
30%
reputationLook What You Made Me Do
30%
Speak Now (Taylor's Version)Mean
30%
Red (Taylor's Version)Red
30%
UnreleasedBattle (Let's Go)
29%
singleBeautiful Eyes
29%
Red (Taylor's Version)I Knew You Were Trouble
29%
LoverME! (feat. Brendon Urie of Panic! At the Disco)
29%
evermoreno body, no crime (feat. HAIM)
29%
singleBeautiful Ghosts
28%
Collab/FeatureBoth of Us (with B.O.B)
28%
Speak Now (Taylor's Version)Foolish One
28%
THE TORTURED POETS DEPARTMENT: THE ANTHOLOGYI Hate It Here
28%
Fearless (Taylor's Version)Love Story
28%
folkloremad woman
28%
1989 (Taylor's Version)New Romantics
28%
1989 (Taylor's Version)Now That We Don't Talk
28%
evermoreright where you left me
28%
singleCrazier
27%
Fearless (Taylor's Version)Hey Stephen
27%
LoverIt's Nice to Have A Friend
27%
LoverLondon Boy
27%
evermorelong story short
27%
evermoremarjorie
27%
Speak Now (Taylor's Version)Never Grow Up
27%
reputationNew Years Day
27%
Midnights (3am Edition)Paris
27%
MidnightsQuestion...?
27%
singleEyes Open
25%
Collab/FeatureI Don't Wanna Live Forever (with ZAYN)
25%
THE TORTURED POETS DEPARTMENTMy Boy Only Breaks His Favorite Toys
25%
Speak Now (Taylor's Version)Ours
25%
1989 (Taylor's Version)Out of the Woods
25%
THE TORTURED POETS DEPARTMENTloml
24%
folkloremy tears ricochet
24%
Taylor SwiftOur Song
24%
folklorepeace
24%
Taylor SwiftPicture to Burn
24%
1989 (Taylor's Version)Say Don't Go
24%
THE TORTURED POETS DEPARTMENT: THE ANTHOLOGYHow Did It End?
23%
folkloremirrorball
23%
LoverMiss Americana & The Heartbreak Prince
23%
Skit/ParodyMonologue Song
23%
Red (Taylor's Version)Nothing New (feat. Phoebe Bridgers)
23%
LoverPaper Rings
23%
THE TORTURED POETS DEPARTMENT: THE ANTHOLOGYPeter
23%
Red (Taylor's Version)Run (feat. Ed Sheeran)
23%
The Taylor Swift Holiday CollectionSanta Baby
23%
Taylor SwiftShould've Said No
23%
UnreleasedDrama Queen
22%
THE TORTURED POETS DEPARTMENT: THE ANTHOLOGYI Look in People's Windows
22%
THE TORTURED POETS DEPARTMENT: THE ANTHOLOGYimgonnagetyouback
22%
Red (Taylor's Version)Message In A Bottle
22%
Red (Taylor's Version)Ronan
22%
reputationSo It Goes...
22%
LoverSoon You'll Get Better (feat. The Chicks)
22%
Speak Now (Taylor's Version)Speak Now
22%
UnreleasedDidn't They
20%
Collab/FeatureHighway Don't Care (with Tim McGraw)
20%
THE TORTURED POETS DEPARTMENT: THE ANTHOLOGYRobin
20%
Red (Taylor's Version)Sad Beautiful Tragic
20%
1989 (Taylor's Version)Shake It Off
20%
Taylor SwiftStay Beautiful
20%
Red (Taylor's Version)Stay Stay Stay
20%
1989 (Taylor's Version)Suburban Legends
20%
MidnightsSweet Nothing
20%
Midnights (3am Edition)Would've, Could've Should've
20%
MidnightsYou're On Your Own, Kid
20%
Collab/FeatureGasoline (with HAIM)
19%
Collab/FeatureSafe and Sound (with Joy Wiliams and John Paul White)
19%
folkloreseven
19%
1989 (Taylor's Version)"Slut!"
19%
1989 (Taylor's Version)Style
19%
Taylor SwiftTeardrops On My Guitar
19%
Midnights (3am Edition)The Great War
19%
folklorethe last great american dynasty
19%
MidnightsVigilante Shit
19%
Fearless (Taylor's Version)You Belong With Me
19%
Fearless (Taylor's Version)Mr Perfectly Fine
18%
reputation...Ready For It?
18%
The Taylor Swift Holiday CollectionSilent Night
18%
THE TORTURED POETS DEPARTMENTSo Long, London
18%
Speak Now (Taylor's Version)Sparks Fly
18%
folklorethe 1
18%
LoverThe Archer
18%
Red (Taylor's Version)The Last Time (feat. Gary Lightbody)
18%
LoverThe Man
18%
reputationThis Is Why We Can't Have Nice Things
18%
1989 (Taylor's Version)This Love
18%
Fearless (Taylor's Version)White Horse
18%
evermorewillow
18%
SongwritingBest Days of Your Life (for Kellie Pickler)
16%
Collab/FeatureHalf of My Heart (with John Mayer)
16%
singleOnly The Young
16%
MidnightsSnow On The Beach (feat. Lana Del Rey)
16%
THE TORTURED POETS DEPARTMENT: THE ANTHOLOGYSo High School
16%
Red (Taylor's Version)Starlight
16%
Speak Now (Taylor's Version)Superman
16%
Fearless (Taylor's Version)SuperStar
16%
THE TORTURED POETS DEPARTMENT: THE ANTHOLOGYThe Albatross
16%
THE TORTURED POETS DEPARTMENTThe Alchemy
16%
Fearless (Taylor's Version)The Best Day
16%
THE TORTURED POETS DEPARTMENT: THE ANTHOLOGYThe Black Dog
16%
THE TORTURED POETS DEPARTMENT: THE ANTHOLOGYThe Bolter
16%
folklorethe lakes
16%
THE TORTURED POETS DEPARTMENT: THE ANTHOLOGYThe Manuscript
16%
Skit/ParodyThree Sad Virgins (with Pete Davidson)
16%
Taylor SwiftTied Together With a Smile
16%
evermore'tis the damn season
16%
evermoretolerate it
16%
Red (Taylor's Version)We Are Never Ever Getting Back Together
16%
1989 (Taylor's Version)You Are In Love
16%
LoverYou Need To Calm Down
16%
Midnights (Til Dawn)You're Losing Me
16%
SingleIf This Was a Movie
15%
singleI Heart ?
15%
UnreleasedNeed
15%
Red (Taylor's Version)The Moment I Knew
15%
Taylor SwiftThe Outside
15%
THE TORTURED POETS DEPARTMENTThe Tortured Poets Department
15%
folklorethis is me trying
15%
Skit/ParodyThug Story (with T-Pain)
15%
1989 (Taylor's Version)Welcome to New York
15%
1989 (Taylor's Version)Wonderland
15%
singleMacavity
14%
UnreleasedPermanent Marker
14%
Red (Taylor's Version)State of Grace
14%
Fearless (Taylor's Version)Tell Me Why
14%
Fearless (Taylor's Version)That's When (feat. Keith Urban)
14%
Red (Taylor's Version)The Lucky One
14%
Red (Taylor's Version)The Very First Night
14%
Fearless (Taylor's Version)The Way I Loved You
14%
Speak Now (Taylor's Version)Timeless
14%
Taylor SwiftTim McGraw
14%
Fearless (Taylor's Version)Untouchable
14%
Speak Now (Taylor's Version)When Emma Falls In Love
14%
The Taylor Swift Holiday CollectionWhite Christmas
14%
Fearless (Taylor's Version)You're Not Sorry
14%
THE TORTURED POETS DEPARTMENTFortnight (feat. Post Malone)
13%
UnreleasedI'd Lie
13%
Collab/FeatureRenegade (with Big Red Machine)
13%
Fearless (Taylor's Version)The Other Side of the Door
13%
THE TORTURED POETS DEPARTMENTThe Smallest Man Who Ever Lived
13%
THE TORTURED POETS DEPARTMENTWho's Afraid of Little Old Me?
13%
1989 (Taylor's Version)Wildest Dreams
13%
SongwritingYou'll Always Find Your Way Back Home (for Miley Cyrus)
13%
THE TORTURED POETS DEPARTMENTFlorida!!! (feat. Florence + The Machine)
11%
THE TORTURED POETS DEPARTMENT: THE ANTHOLOGYthanK you aIMee
11%
Collab/FeatureThe Alcott (with The National)
11%
THE TORTURED POETS DEPARTMENT: THE ANTHOLOGYThe Prophecy
11%
Speak Now (Taylor's VersionThe Story of Us
11%
SongwritingThis Is What You Came For (for Calvin Harris & Rihanna)
11%
Fearless (Taylor's Version)We Were Happy
11%
singleSweeter Than Fiction
10%
Fearless (Taylor's Version)Today was a Fairytale
10%
Red (Taylor's Version)Treacherous
10%
Fearless (Taylor's Version)You All Over Me (feat. Maren Morris)
10%
Collab/FeatureThe Joker And The Queen (with Ed Sheeran)
9%
Collab/FeatureTwo Is Better Than One (with Boys Like Girls)
6%

Score Distribution

Percentile by Number Answered

Percent of People with Each Score

Your Score History

You have not taken this quiz since the last reset